<?xml version="1.0" encoding="UTF-8"?>
<record
    xmlns:xsi="http://www.w3.org/2001/XMLSchema-instance"
    xsi:schemaLocation="http://www.loc.gov/MARC21/slim http://www.loc.gov/standards/marcxml/schema/MARC21slim.xsd"
    xmlns="http://www.loc.gov/MARC21/slim">

  <leader>00491nam a22001577a 4500</leader>
  <datafield tag="999" ind1=" " ind2=" ">
    <subfield code="c">8085</subfield>
    <subfield code="d">8085</subfield>
  </datafield>
  <controlfield tag="003">GBCCL</controlfield>
  <controlfield tag="005">20241126110643.0</controlfield>
  <controlfield tag="008">190218b           ||||| |||| 00| 0 eng d</controlfield>
  <datafield tag="040" ind1=" " ind2=" ">
    <subfield code="c">GBC</subfield>
  </datafield>
  <datafield tag="082" ind1=" " ind2=" ">
    <subfield code="a">ARC HAT</subfield>
    <subfield code="b">1996</subfield>
  </datafield>
  <datafield tag="100" ind1=" " ind2=" ">
    <subfield code="a">Hatlang, Gouzakap</subfield>
    <subfield code="9">13766</subfield>
  </datafield>
  <datafield tag="245" ind1=" " ind2=" ">
    <subfield code="a">The Impact of the Gospel of Christ Upon the Paite People|</subfield>
    <subfield code="c">Gouzakap Hatlang</subfield>
  </datafield>
  <datafield tag="300" ind1=" " ind2=" ">
    <subfield code="a">xviii + 407 p.;</subfield>
    <subfield code="c">21 cm. x 27 cm.</subfield>
  </datafield>
  <datafield tag="650" ind1=" " ind2=" ">
    <subfield code="v">Paite</subfield>
    <subfield code="v">Impact of the Gospel</subfield>
    <subfield code="x">Animism</subfield>
    <subfield code="z">Lamka</subfield>
    <subfield code="z">Churachandpur</subfield>
    <subfield code="9">14095</subfield>
  </datafield>
  <datafield tag="942" ind1=" " ind2=" ">
    <subfield code="2">ddc</subfield>
    <subfield code="c">TH</subfield>
  </datafield>
  <datafield tag="952" ind1=" " ind2=" ">
    <subfield code="0">0</subfield>
    <subfield code="1">0</subfield>
    <subfield code="2">ddc</subfield>
    <subfield code="4">0</subfield>
    <subfield code="7">0</subfield>
    <subfield code="a">GBC</subfield>
    <subfield code="b">GBC</subfield>
    <subfield code="c">ARC</subfield>
    <subfield code="d">2019-02-18</subfield>
    <subfield code="l">0</subfield>
    <subfield code="o">ARC HAT 1996</subfield>
    <subfield code="p">025147</subfield>
    <subfield code="r">2025-05-01 00:00:00</subfield>
    <subfield code="t">c.1</subfield>
    <subfield code="w">2019-02-18</subfield>
    <subfield code="y">TH</subfield>
  </datafield>
</record>
